000 01143nam a2200325 c 4500
001 60450
003 CO-BoRNBP
005 20260209164518.0
007 ta
008 210826s2014 sp ad er 000 0dspa d
020 _a9788497007962
040 _aCO-BoRNBP
_bspa
_erda
_cCO-BoRNBP
041 0 _aspa
082 0 4 _a371.3
_bL66e
_222
100 1 _aLópez Herrerías, José Ángel
_d1942-
_eaut
_968715
245 1 0 _aEnseñar y aprender competencias /
_cJosé Ángel López Herrerías.
250 _a1a. edición
264 1 _aArchidona, Málaga, España :
_bEdiciones Aljibe,
_c2014
300 _a173 páginas :
_bilustraciones, gráficas, tablas en blanco y negro
336 _atexto
_btxt
_2rdacontent
337 _asin mediación
_bn
_2rdamedia
338 _avolumen
_bnc
_2rdacarrier
504 _aIncluye referencias bibliográficas
521 _aRecomendado para público adulto
545 _aIncluye datos biográficos del autor en la solapa
650 0 7 _aInnovaciones educativas
_2lemb
_964773
650 0 7 _aMétodos de enseñanza
_2lemb
_94790
650 1 7 _aPersonal docente
_xFormación profesional
_2lemb
_968716
942 _2ddc
_cBK
999 _c60450
_d60450